Statistiques concernant Logos de football

Cliquez ici pour prendre le quiz!

Statistiques générales

  • Ce quiz a été pris 280 fois
  • Le résultat moyen est 17 sur 19

Statistiques - réponses

Answer% Correct
FC Barcelona
100%
Real Madrid
98%
Liverpool FC
98%
Juventus
98%
Manchester City
98%
Paris Saint Germain
98%
AS Saint-Etienne
97%
Manchester United
97%
Olympique de Marseille
92%
Bayern Munich
92%
AC Milan
90%
Red Star
89%
FC Porto
88%
SSC Napoli
88%
FC Séville
80%
Young Boys
78%
Corinthians
72%
Partizan Belgrade
70%
Boca Juniors
60%

Distribution des résultats

Percentile par nombre de réponses

% des personnes avec chaque résultat

Votre développement - résultats

Vous n’avez pas pris ce quiz